Coordination of international and national corporate tax policy objectives

Gespeichert in:
Bibliographische Detailangaben
1. Verfasser: Kušnírová, Jana, 1977-
Format: Buchkapitel
Sprache:Englisch
Schlagworte:
Tags: Tag hinzufügen
Keine Tags, Fügen Sie das erste Tag hinzu!

MARC

LEADER 00000nla a2200000 4500
001 0226832
005 20240502073734.6
041 0 |a eng 
044 |a SK 
245 1 0 |a Coordination of international and national corporate tax policy objectives  |c Jana Kušnírová 
610 2 0 |a dane 
610 2 0 |a politika daňová 
610 2 0 |a koordinácia 
610 2 0 |a osoby právnické 
610 2 0 |a Slovensko 
610 2 0 |a Európska únia 
610 2 0 |a OECD 
100 1 |a Kušnírová, Jana, 1977-